| 000 | 00919nam a22002897a 4500 | ||
|---|---|---|---|
| 003 | CHAP | ||
| 005 | 20220329134706.0 | ||
| 008 | 971013s1984 r 00010 d | ||
| 010 | _a24268 | ||
| 011 | _a25240 | ||
| 035 | _a29340 | ||
| 040 | _cCHAP | ||
| 082 |
_a338.763 _bI5 |
||
| 110 |
_aINFOTEC. México _958165 |
||
| 245 |
_aDesarrollo tecnológico de la agroindustria del país _b: resumen ejecutivo |
||
| 260 |
_aMéxico, D.F. : _bINFOTEC, _c1984 |
||
| 300 | _a166 h | ||
| 590 |
_aBATCH-UPD _b10 _c20130110 _lUCH01 _h1924 |
||
| 590 |
_aBATCH-UPD _b10 _c20130410 _lUCH01 _h1249 |
||
| 590 |
_aBATCH-UPD _b10 _c20130914 _lUCH01 _h1636 |
||
| 590 |
_aCONVERSION _b10 _c20130109 _lUCH01 _h1314 |
||
| 650 | 1 | 4 |
_aIndustrias agrícolas _xInvestigación. _957953 |
| 650 | 1 | 4 |
_aIndustrias agrícolas _xMéxico. _957957 |
| 901 | _aBK | ||
| 942 | _cLIBRO | ||
| 949 |
_a338.763 I5 _bBC _cLIBRO _d33724000419875 _eLIBRO _h66207 _i29340 _si |
||
| 999 |
_c24268 _d24268 |
||